|
|
|
|
| LEADER |
00946pam a22002658a 4500 |
| 001 |
00024199 |
| 005 |
20171026081025.0 |
| 008 |
110714s2004 ||||||Viesd |
| 041 |
0 |
# |
|a Vie
|
| 082 |
1 |
4 |
|a 634
|b GI108TR
|
| 100 |
0 |
# |
|a Nguyễn Bảo Vệ
|
| 245 |
0 |
0 |
|a Giáo trình cây đa niên
|c Nguyễn Bảo Vệ, Lê Thanh Phong
|n P.1
|p Cây ăn trái
|
| 260 |
# |
# |
|a Cần Thơ
|b ĐH Cần Thơ
|c 2004
|
| 300 |
# |
# |
|a 203 tr.
|c 29 cm.
|
| 650 |
# |
4 |
|a Nông nghiệp
|
| 653 |
# |
# |
|a Cây ăn trái
|
| 653 |
# |
# |
|a Cây đa niên
|
| 700 |
0 |
# |
|a Lê Thanh Phong
|
| 852 |
# |
# |
|b Kho giáo trình
|j KGT.0012742, KGT.0012743, KGT.0012744, KGT.0012745, KGT.0012746
|
| 852 |
# |
# |
|b Kho mượn
|j KGT.0012742
|
| 852 |
# |
# |
|j KGT.0012742
|j KGT.0012743
|j KGT.0012745
|j KGT.0012746
|j KGT.0012744
|
| 910 |
0 |
# |
|a nhnam
|d 14/07/2011
|
| 980 |
# |
# |
|a Trung tâm Học liệu Lê Vũ Hùng, Trường Đại học Đồng Tháp
|